000 00666nam a2200217Ia 4500
001 10112
003 GE_BSU
008 181216s||||||||xx |||||||||||||| ||und||
040 _cGE_BSU
100 _aპაიჭაძე,ამბერკი
245 _aბახმარო
245 _bმოთხრობა
245 _cრედ.ზ.ფირცხალაიშვილი,მხატვ.ს.ჯაგიევი
260 _aბათუმი
260 _bსაბჭოთა აჭარა
260 _c1989
300 _a139გვ.16სმ.
653 _aბახმარო
653 _aმოთხრობა
942 _cBK
999 _c43384
_d43384